000 00654nam a22002177a 4500
005 20151222070557.0
008 111014s2013 nyua b 001 0 eng
020 _a9780078029295
020 _a0078029295
041 0 _aeng
080 _a338
100 1 _aPearce, John A.
245 1 0 _aStrategic management :
_cJohn A. Pearce II, Richard B. Robinson, Jr.
250 _a13th ed.
260 _aNew York :
_bMcGraw-Hill/Irwin,
_c2013.
300 _a434 f. :
_bme il.;
_c26 cm.
650 0 _aOrganizimi
650 0 _aStrategjia
700 1 _aRobinson, Richard B.
_q(Richard Braden),
_d1947-
942 _2udc
_cBK
999 _c780
_d780